000 00530nam a22001577a 4500
003 macl
005 20181110131657.0
008 181110b xxu||||| |||| 00| 0 eng d
040 _cmacl
082 _a891.434
100 _aजैन ,योगेश चन्‍द्र
_973172
245 _aनिबन्‍धमाला 221 हिन्‍दी निबन्‍ध
260 _aदिल्‍ली
_bअरिहन्‍त पब्लिकेशन
650 _aनिबंध
_973173
942 _2ddc
_cHIN
999 _c58549
_d58549